Miasta w Niemczech - Nagła Śmierć - Statystyki

Ogólne statystyki
  • Ten quiz został rozwiązany 441 razy
    212 od ostatniego zresetowania
  • Średni wynik to 5 z 16
Answers on the Grid
Answers color-coded by a green-red scale on the quiz's grid according to % correct below.
Bamberg
Berlin
Bristol
Brünn
Büdingen
Chociebuż
Dünkirchen
Erlangen
Frederiksberg
Heidelberg
Ibbenbüren
Innsbruck
Jena
Johannesburg
Linz
Lucerna
Marburg
Monterrey
Naumburg
Offenbach
Regensdorf
Remscheid
Reutlingen
Salzburg
Strasburg
Suhl
Trier
Veere
Wilno
Wittenberga
 
Statystyki odpowiedzi
Odpowiedź % Poprawnych
Berlin
96%
Chociebuż
46%
Heidelberg
39%
Jena
35%
Wittenberga
35%
Bamberg
32%
Offenbach
30%
Marburg
20%
Reutlingen
19%
Büdingen
17%
Erlangen
17%
Naumburg
17%
Remscheid
15%
Trier
14%
Ibbenbüren
10%
Suhl
7%
Nie znaleziono quizów pasujących do podanych kryteriów
Rozkład punktacji
Procent ludzi z każdym wynikiem
Percentyl według liczby udzielonych odpowiedzi
Twoja historia wyników
Nie rozwiązałeś tego quizu od ostatniego zresetowania